000
00337 a2200157 4500
001
170137
020
_a
040
_c
Magnum
100
_a
Gohn, Maria da Gloria
240
1
0
_a
Teoria dos movimentos sociais
_l
por
245
1
0
_a
Teoria dos movimentos sociais
362
0
_a
1899
440
1
_a
Loyola
697
_a
GERAL
942
_c
BK
999
_c
170137
_d
170137